LIBRARY & INFORMATION CENTRE, KCAET, TAVANUR

ONLINE PUBLIC ACCESS CATALOGUE (OPAC)

Principles of electricity and electromagnetism / (Record no. 11098)

MARC details
000 -LEADER
fixed length control field 00530cam a2200205ua 4500
041 ## - LANGUAGE CODE
Language code of text/sound track or separate title eng
082 ## - DEWEY DECIMAL CLASSIFICATION NUMBER
Classification number 537
Item number HAR/PR
100 ## - MAIN ENTRY--AUTHOR NAME
Personal name Harnwell, Gaylord P .
245 ## - TITLE STATEMENT
Title Principles of electricity and electromagnetism /
250 ## - EDITION STATEMENT
Edition statement 2 /
260 ## - PUBLICATION, DISTRIBUTION, ETC. (IMPRINT)
Place of publication New York :
Name of publisher McGraw Hill Book Company ,
Year of publication 1949.
300 ## - PHYSICAL DESCRIPTION
Number of Pages 670 ; .
942 ## - ADDED ENTRY ELEMENTS (KOHA)
Koha item type Books
Holdings
Withdrawn status Lost status Damaged status Home library Current library Date acquired Full call number Accession Number Koha item type
      KAUAET KAUAET 07/04/2012 537 HAR/PR 3362 Books
      KAUAET KAUAET 07/04/2012 537 HAR/PR 3360 Books
      KAUAET KAUAET 07/04/2012 537 HAR/PR 3361 Books
free website counter